Šiel som s Hannibalom /

Main Author: Baumann, Hans, 1914-1988
Language: Slovak
Published: Bratislava : Mladé letá, 1981
Edition: 1. vyd.
Series: Klub mladých čitateľov
Physical Description: 197 s. : il. ; 8°
Book
Saved in:
LEADER 00930nam a22002772a 4500
001 001122317
003 CZ BrMZK
005 20110512102230.0
007 ta
008 101018s1981 xo a er|||||||||||slo d
040 |a ABA001  |b cze  |d ABA001  |d BOA001 
041 1 |a slo  |h ger 
080 9 |a 830-311.4=854 
100 1 |a Baumann, Hans,  |d 1914-1988  |7 mzk2005279388  |4 aut 
245 1 0 |a Šiel som s Hannibalom /  |c Hans Baumann ; z nemeckého originála ... preložil Štefan Teren ; ilustroval Juraj Deák 
250 |a 1. vyd. 
260 |a Bratislava :  |b Mladé letá,  |c 1981 
300 |a 197 s. :  |b il. ;  |c 8° 
490 1 |a Klub mladých čitateľov 
521 8 |a Pro čtenáře od 13 let 
765 0 |t Ich zog mit Hannibal  |9 Slovensky 
830 0 |a Klub mladých čitateľov 
910 |a BOA001  |b 2-0839.070 
990 |a BK 
991 |b 201010 
996 7 |b 2619357193  |c 2-0839.070  |l MZK  |r Sklad / do 1 hodiny  |n 0  |w 001150622  |u 000010  |a 1  |e BOA001  |j MZK50  |s A